[Event "20ème Open d'été de cannes - A"]
[Site "Cannes"]
[Date "2008.07.28"]
[Round "1.1"]
[White "Apicella, Manuel"]
[Black "Tasic, Branislav"]
[Result "1-0"]
[WhiteElo "2521"]
[BlackElo "2183"]
[PlyCount "53"]
[EventDate "2008.??.??"]

1. e4 e6 2. d4 d5 3. Nc3 Bb4 4. e5 c5 5. a3 Bxc3+ 6. bxc3 Qa5 7. Bd2 cxd4 8.
cxd4 Qa4 9. Qg4 Ne7 10. Bd3 h5 11. Qf4 b6 12. Nf3 Nbc6 13. O-O Ba6 14. Ng5 Nd8
15. Bb4 Bxd3 16. Bxe7 Bg6 17. Bd6 Nc6 18. c4 Qxc4 19. Rac1 Qxd4 20. Qg3 h4 21.
Qb3 Rc8 22. Qb5 Bd3 23. Rxc6 Bxb5 24. Rxc8+ Kd7 25. Rc7+ Ke8 26. Re7+ Kd8 27.
Nxf7+ 1-0

[Event "20ème Open d'été de cannes - A"]
[Site "Cannes"]
[Date "2008.07.28"]
[Round "1.2"]
[White "Rosner, Jonas"]
[Black "Sulava, Nenad"]
[Result "1/2-1/2"]
[WhiteElo "2171"]
[BlackElo "2492"]
[PlyCount "58"]

1. e4 c5 2. Nf3 e6 3. d3 Nc6 4. g3 Nf6 5. Bg2 d5 6. Qe2 Be7 7. O-O b6 8. e5 Nd7
9. c4 Nf8 10. h4 Bb7 11. Re1 Qd7 12. Nc3 O-O-O 13. h5 h6 14. b3 Kb8 15. Bb2 d4
16. Ne4 g6 17. Nh2 Qc7 18. f4 gxh5 19. Qxh5 Ng6 20. Ng4 Nb4 21. Red1 Bh4 22.
Kh2 Rdg8 23. Bc1 Be7 24. a3 Nc6 25. Bd2 a5 26. Rf1 Rg7 27. Rae1 Ka7 28. Kg1 Bf8
29. Ngf6 Be7 1/2-1/2

[Event "20ème Open d'été de cannes - A"]
[Site "Cannes"]
[Date "2008.07.28"]
[Round "1.3"]
[White "Sanchez, Joseph"]
[Black "Akermann, Thomas"]
[Result "1-0"]
[WhiteElo "2486"]
[BlackElo "2169"]
[PlyCount "77"]
[EventDate "2008.??.??"]

1. e4 c5 2. Nf3 e6 3. d4 cxd4 4. Nxd4 Nf6 5. Nc3 d6 6. Be3 a6 7. Qd2 b5 8. f3
Nbd7 9. g4 h6 10. O-O-O Bb7 11. Rg1 b4 12. Na4 d5 13. h4 dxe4 14. g5 hxg5 15.
hxg5 Nd5 16. g6 exf3 17. gxf7+ Kxf7 18. Bc4 Ne5 19. Bb3 Qe8 20. Rg5 Bd6 21. Nf5
Bf8 22. Rxg7+ Bxg7 23. Nd6+ Kg8 24. Nxe8 Rxe8 25. Rg1 Kf7 26. Bxd5 Bxd5 27. Nb6
Bc6 28. Qxb4 Rd8 29. a4 Bf6 30. Kb1 Rh2 31. Qf4 Rh4 32. Qg3 Rdh8 33. Ka2 Re4
34. Bf4 Ke7 35. Bg5 Rg4 36. Qxe5 Rxg1 37. Qxf6+ Kd6 38. Bf4+ Kc5 39. Be3+ 1-0

[Event "20ème Open d'été de cannes - A"]
[Site "Cannes"]
[Date "2008.07.28"]
[Round "1.4"]
[White "Maleki, Nicolas"]
[Black "Karpatchev, Aleksandr"]
[Result "0-1"]
[WhiteElo "2161"]
[BlackElo "2460"]
[PlyCount "50"]
[EventDate "2008.??.??"]

1. e4 e5 2. Nf3 Nc6 3. Bc4 Nf6 4. d3 Bc5 5. c3 a6 6. Bb3 Ba7 7. Nbd2 O-O 8. O-O
d5 9. h3 dxe4 10. dxe4 Qe7 11. Re1 Nh5 12. Nf1 Nf4 13. Bxf4 exf4 14. Qd2 Ne5
15. Nxe5 Qxe5 16. Nh2 g5 17. Nf3 Qg7 18. Qd5 g4 19. hxg4 Bxg4 20. e5 Bh3 21.
Nd4 c5 22. Ne2 c4 23. Bc2 Rad8 24. Qe4 Rd2 25. Nd4 Bxd4 0-1

[Event "20ème Open d'été de cannes - A"]
[Site "Cannes"]
[Date "2008.07.28"]
[Round "1.5"]
[White "Ortega, Lexy"]
[Black "Ambrosi, Eleonora"]
[Result "1-0"]
[WhiteElo "2456"]
[BlackElo "2160"]
[PlyCount "55"]
[EventDate "2008.??.??"]

1. d4 d5 2. Bf4 Nc6 3. e3 Nf6 4. Nf3 Bg4 5. h3 Bh5 6. c4 e6 7. Nc3 a6 8. Be2
dxc4 9. Bxc4 h6 10. d5 exd5 11. Bxd5 Bd6 12. Bxc6+ bxc6 13. Qa4 Bxf3 14. gxf3
Bxf4 15. Qxc6+ Kf8 16. exf4 Rb8 17. O-O Rb6 18. Qc5+ Qd6 19. Qe5 g5 20. Rad1
Qxe5 21. fxe5 Nh5 22. b3 Rb4 23. Rd7 Rf4 24. Rxc7 Rxf3 25. e6 Rg8 26. Rd1 Kg7
27. e7 Re8 28. Ne4 1-0

[Event "20ème Open d'été de cannes - A"]
[Site "Cannes"]
[Date "2008.07.28"]
[Round "1.6"]
[White "Klings, Peter"]
[Black "Mrdja, Milan"]
[Result "0-1"]
[WhiteElo "2152"]
[BlackElo "2409"]
[PlyCount "96"]
[EventDate "2008.??.??"]

1. e4 c5 2. a3 e6 3. b4 cxb4 4. axb4 Bxb4 5. Bb2 Bf8 6. Ra3 Nf6 7. e5 Nd5 8.
Rg3 Nc6 9. Nf3 d6 10. exd6 Nf6 11. Nc3 a6 12. Bd3 Qxd6 13. O-O Bd7 14. Qa1 Qe7
15. Na4 Qd8 16. Nb6 Rb8 17. Nxd7 Nxd7 18. Rxg7 Bxg7 19. Bxg7 Rg8 20. Bxh7 Rxg7
21. Qxg7 Qf6 22. Qg3 Ke7 23. Be4 Nd4 24. Nxd4 Qxd4 25. Qg5+ Nf6 26. Bf3 b5 27.
c3 Qd6 28. Ra1 Qb6 29. h3 a5 30. d4 a4 31. d5 Rg8 32. Qh4 Qc5 33. Rd1 Qxc3 34.
d6+ Kd7 35. Qf4 Rc8 36. Be2 Rc5 37. Qh6 Rd5 38. Rxd5 Nxd5 39. Bxb5+ Kxd6 40.
Qf8+ Ke5 41. Qxf7 a3 42. Qg7+ Nf6 43. Qg5+ Kd6 44. Qf4+ Ke7 45. Qa4 Nd5 46. Bc4
Nb4 47. Qb3 Qe1+ 48. Kh2 a2 0-1

[Event "20ème Open d'été de cannes - A"]
[Site "Cannes"]
[Date "2008.07.29"]
[Round "2.1"]
[White "Saada, Julien"]
[Black "Apicella, Manuel"]
[Result "0-1"]
[WhiteElo "2281"]
[BlackElo "2521"]
[PlyCount "40"]
[EventDate "2008.??.??"]

1. d4 Nf6 2. Bg5 Ne4 3. Bf4 c5 4. f3 Qa5+ 5. c3 Nf6 6. d5 Qb6 7. e4 Qxb2 8. Nd2
Qxc3 9. Bc7 g6 10. Ne2 Qd3 11. Ng3 Qe3+ 12. Be2 Bg7 13. Rc1 Na6 14. Ba5 Nb4 15.
Bxb4 cxb4 16. Nc4 Qf4 17. O-O d6 18. Qa4+ Bd7 19. Qxb4 b5 20. Na5 Nxd5 0-1

[Event "20ème Open d'été de cannes - A"]
[Site "Cannes"]
[Date "2008.07.29"]
[Round "2.2"]
[White "Ravot, Sylvain"]
[Black "Sanchez, Joseph"]
[Result "0-1"]
[WhiteElo "2236"]
[BlackElo "2486"]
[PlyCount "100"]
[EventDate "2008.??.??"]

1. e4 d5 2. Nc3 d4 3. Nce2 e5 4. Ng3 Be6 5. Nf3 Nd7 6. c3 c5 7. Bb5 Bd6 8. Qe2
a6 9. Bc4 Bxc4 10. Qxc4 Nb6 11. Qe2 Ne7 12. d3 dxc3 13. bxc3 Na4 14. Bd2 O-O
15. O-O Qd7 16. Rab1 b5 17. Rfd1 Rad8 18. Be1 Rfe8 19. d4 exd4 20. cxd4 c4 21.
Qc2 Bc7 22. e5 Qe6 23. Ng5 Qg6 24. N5e4 Bb6 25. h4 h5 26. Qe2 Nc6 27. d5 Nxe5
28. d6 Nd3 29. Qf3 Qg4 30. Rxd3 cxd3 31. Qxd3 Nc5 32. Nxc5 Bxc5 33. Nf5 Qe4 34.
Qxe4 Rxe4 35. Ba5 Rd7 36. Bc7 g6 37. Ne7+ Rexe7 38. dxe7 Bxe7 39. Rc1 Bxh4 40.
Be5 Bd8 41. Rc8 Kh7 42. Ra8 a5 43. Kf1 f6 44. Bc3 b4 45. Be1 g5 46. Ke2 Kg6 47.
a3 b3 48. Bc3 Rb7 49. Bb2 Bc7 50. Ra6 Rb6 0-1

[Event "20ème Open d'été de cannes - A"]
[Site "Cannes"]
[Date "2008.07.29"]
[Round "2.3"]
[White "Karpatchev, Aleksandr"]
[Black "Song, Julien"]
[Result "1-0"]
[WhiteElo "2460"]
[BlackElo "2236"]
[PlyCount "63"]
[EventDate "2008.??.??"]

1. e4 e6 2. d4 d5 3. Nd2 c5 4. Ngf3 Nf6 5. e5 Nfd7 6. c3 Nc6 7. Bd3 Be7 8. O-O
a5 9. a4 cxd4 10. cxd4 Nb6 11. Nb3 Bd7 12. Nc5 Nxd4 13. Nxb7 Nxf3+ 14. Qxf3 Qc7
15. Nd6+ Bxd6 16. exd6 Qxd6 17. Bf4 Qe7 18. Qg3 f6 19. Bd6 Qf7 20. Rfc1 Rc8 21.
b3 e5 22. Re1 Rc6 23. Ba3 Qe6 24. f4 e4 25. f5 Qf7 26. Qb8+ Nc8 27. Bb5 Kd8 28.
Rac1 Rxc1 29. Rxc1 Bxf5 30. Rxc8+ Bxc8 31. Qd6+ Bd7 32. Qb6+ 1-0

[Event "20ème Open d'été de cannes - A"]
[Site "Cannes"]
[Date "2008.07.29"]
[Round "2.4"]
[White "Pucher, Sebastien"]
[Black "Ortega, Lexy"]
[Result "0-1"]
[WhiteElo "2232"]
[BlackElo "2456"]
[PlyCount "56"]
[EventDate "2008.??.??"]

1. e4 e5 2. Nf3 Nc6 3. Bc4 Nf6 4. d3 h6 5. O-O d6 6. a4 g6 7. Nbd2 Bg7 8. a5 a6
9. Re1 O-O 10. c3 Kh7 11. Nf1 Rb8 12. Ng3 Bd7 13. h3 Qe7 14. Nh2 Rbe8 15. f4
Bc8 16. Bb3 Qd8 17. Qf3 exf4 18. Bxf4 g5 19. Bd2 g4 20. Qf1 gxh3 21. gxh3 d5
22. exd5 Nxd5 23. Nf5 Be6 24. Bc2 Rg8 25. d4 Bxd4+ 26. Kh1 Rg1+ 27. Qxg1 Bxg1
28. Rxg1 Ndb4 0-1

[Event "20ème Open d'été de cannes - A"]
[Site "Cannes"]
[Date "2008.07.29"]
[Round "2.6"]
[White "Leutwyler, Martin"]
[Black "Bujisho, Benjamin"]
[Result "0-1"]
[WhiteElo "2228"]
[BlackElo "2402"]
[PlyCount "72"]
[EventDate "2008.??.??"]

1. d4 Nf6 2. Nf3 g6 3. Nc3 d6 4. e4 c6 5. a4 Bg7 6. h3 O-O 7. Be3 Nbd7 8. a5 e5
9. dxe5 dxe5 10. Qd6 Ne8 11. Qb4 h6 12. Bc4 Kh7 13. O-O f5 14. Rfd1 Qf6 15.
exf5 gxf5 16. Rd2 e4 17. Bd4 c5 18. Bxf6 cxb4 19. Bxg7 Nxg7 20. Nb5 exf3 21.
Nc7 Rb8 22. Re1 fxg2 23. Re7 Nf6 24. f3 Nfh5 25. Rxg2 b5 26. Bf7 Nf4 27. Rd2
Bb7 28. Be6 Rbd8 29. Bxf5+ Kh8 30. Rxd8 Rxd8 31. Nxb5 Nxf5 32. Rxb7 Rd2 33. Rf7
Ng3 34. Rxf4 Ne2+ 35. Kf2 Nxf4+ 36. Ke3 Rd5 0-1

[Event "20ème Open d'été de cannes - A"]
[Site "Cannes"]
[Date "2008.07.30"]
[Round "3.1"]
[White "Apicella, Manuel"]
[Black "Guilleux, Fabien"]
[Result "1/2-1/2"]
[WhiteElo "2521"]
[BlackElo "2397"]
[PlyCount "65"]
[EventDate "2008.??.??"]

1. e4 c5 2. Nf3 d6 3. d4 cxd4 4. Nxd4 Nf6 5. Nc3 a6 6. Be2 e6 7. O-O Be7 8. f4
O-O 9. Kh1 Qc7 10. a4 Nc6 11. Be3 Re8 12. Bf3 Rb8 13. Qd2 Bd7 14. Qf2 Bf8 15.
Rad1 e5 16. Nde2 b5 17. axb5 axb5 18. Ng3 exf4 19. Bxf4 Ne5 20. Nh5 Nxh5 21.
Nd5 Qc4 22. Bxh5 Ng6 23. Bxd6 Bxd6 24. Qxf7+ Kh8 25. Qxd7 Rbd8 26. Qh3 Qxe4 27.
Nc3 Qxc2 28. Rc1 Rf8 29. Rfd1 Bb4 30. Rg1 Qf5 31. Bxg6 Qxh3 32. gxh3 Bxc3 33.
bxc3 1/2-1/2

[Event "20ème Open d'été de cannes - A"]
[Site "Cannes"]
[Date "2008.07.30"]
[Round "3.2"]
[White "Sanchez, Joseph"]
[Black "Gachet, Sebastien"]
[Result "1-0"]
[WhiteElo "2486"]
[BlackElo "2301"]
[PlyCount "115"]
[EventDate "2008.??.??"]

1. e4 c5 2. Nf3 d6 3. d4 cxd4 4. Qxd4 a6 5. c4 Nc6 6. Qe3 g6 7. h3 Bh6 8. Qc3
Qa5 9. Qxa5 Nxa5 10. Nc3 Be6 11. Bxh6 Nxh6 12. b3 Nc6 13. Be2 O-O 14. O-O Kg7
15. Rfe1 Ng8 16. Rad1 h6 17. Bf1 Rac8 18. Nd5 Bxd5 19. exd5 Nb8 20. Nd4 Rfe8
21. Re3 Nf6 22. g4 Nbd7 23. f4 Kf8 24. Bg2 g5 25. Rf1 gxf4 26. Rxf4 Ne5 27. a4
Kg7 28. Kh2 Rh8 29. Bf1 Rcg8 30. Be2 Kf8 31. Rg3 Ke8 32. a5 Rg6 33. Nf5 Rhg8
34. b4 Kd8 35. Kg2 Kd7 36. Rd4 Ne8 37. c5 Rf6 38. Bd1 Ng7 39. Ne3 Ng6 40. Bf3
Nh4+ 41. Kf2 Nh5 42. Ng2 Nf5 43. gxf5 Rxg3 44. Bxh5 Rxh3 45. Bf3 h5 46. Nf4
Rh2+ 47. Kg3 Ra2 48. Nxh5 Rh6 49. f6 Ra3 50. c6+ bxc6 51. dxc6+ Kd8 52. fxe7+
Kxe7 53. Nf4 Rh8 54. Nd5+ Ke6 55. c7 Rg8+ 56. Kf4 f5 57. Nb6 Rc3 58. Bd5+ 1-0

[Event "20ème Open d'été de cannes - A"]
[Site "Cannes"]
[Date "2008.07.30"]
[Round "3.3"]
[White "Leconte, Maria"]
[Black "Karpatchev, Aleksandr"]
[Result "0-1"]
[WhiteElo "2346"]
[BlackElo "2460"]
[PlyCount "48"]
[EventDate "2008.??.??"]

1. e4 e5 2. Nf3 Nc6 3. Nc3 Nf6 4. Bb5 Bd6 5. d4 Nxd4 6. Nxd4 exd4 7. Qxd4 Qe7
8. O-O c6 9. Bc4 O-O 10. Re1 Bc5 11. Qd2 Re8 12. Qe2 d5 13. exd5 Bxf2+ 14. Qxf2
Qxe1+ 15. Qxe1 Rxe1+ 16. Kf2 Rh1 17. dxc6 Ng4+ 18. Kg3 bxc6 19. Be2 Ne3 20. Rb1
Nxc2 21. Kf2 Nd4 22. Bf1 Bf5 23. Ra1 Re8 24. Bf4 Bd3 0-1

[Event "20ème Open d'été de cannes - A"]
[Site "Cannes"]
[Date "2008.07.30"]
[Round "3.4"]
[White "Ortega, Lexy"]
[Black "Bensdorp, Marlies"]
[Result "1-0"]
[WhiteElo "2456"]
[BlackElo "2284"]
[PlyCount "57"]
[EventDate "2008.??.??"]

1. d4 d5 2. Nf3 Nf6 3. c4 c6 4. g3 e6 5. Bg2 Nbd7 6. Nbd2 Bd6 7. O-O O-O 8. Qc2
Re8 9. Rd1 h6 10. e4 dxe4 11. Nxe4 Nxe4 12. Qxe4 Qe7 13. Bf4 Nf6 14. Bxd6 Nxe4
15. Bxe7 Rxe7 16. Ne5 Nd6 17. a4 f6 18. c5 Nf7 19. Nc4 Bd7 20. b4 Be8 21. b5
cxb5 22. axb5 Bxb5 23. Nb6 Rae8 24. Rxa7 Bc6 25. Nc4 Kf8 26. Rb1 Rd8 27. Na5
Bxg2 28. Kxg2 Rxd4 29. c6 1-0

[Event "20ème Open d'été de cannes - A"]
[Site "Cannes"]
[Date "2008.07.30"]
[Round "3.8"]
[White "Brih, Said"]
[Black "Suarez Real, Alberto"]
[Result "0-1"]
[WhiteElo "2230"]
[BlackElo "2401"]
[PlyCount "112"]
[EventDate "2008.??.??"]

1. d4 Nf6 2. c4 g6 3. Nc3 Bg7 4. e4 d6 5. Nf3 O-O 6. Be2 e5 7. O-O Nc6 8. d5
Ne7 9. b4 c6 10. Bg5 a5 11. bxa5 Qxa5 12. Qd2 cxd5 13. cxd5 Bg4 14. h3 Bd7 15.
Rfc1 b5 16. Nd1 Qa4 17. Qc2 Qxc2 18. Rxc2 Nc8 19. Rc7 Nb6 20. Be3 Rfb8 21. g4
Be8 22. Nd2 Nbxd5 23. exd5 Nxd5 24. Rcc1 f5 25. Nb3 Bf7 26. Bd2 e4 27. Nc3 b4
28. Nxd5 Bxa1 29. Ne7+ Kf8 30. Nc6 Bb2 31. Rc2 Rc8 32. Bxb4 Ba3 33. Bd2 Rc7 34.
gxf5 gxf5 35. Bh6+ Kg8 36. Nbd4 Bd5 37. Nxf5 Bxc6 38. Rxc6 Rxc6 39. Ne7+ Kf7
40. Nxc6 d5 41. Nd4 Bb2 42. Bh5+ Kf6 43. Be3 Rxa2 44. f3 Ra4 45. fxe4 Bxd4 46.
Bxd4+ Rxd4 47. exd5 Rxd5 48. Be2 Kg5 49. Kg2 Kf4 50. Bg4 Rd2+ 51. Kg1 Kg3 52.
Kf1 Rf2+ 53. Kg1 Rf7 54. Bh5 Rc7 55. Kf1 Kxh3 56. Kf2 Rc5 0-1

[Event "20ème Open d'été de cannes - A"]
[Site "Cannes"]
[Date "2008.07.30"]
[Round "4.1"]
[White "Karpatchev, Aleksandr"]
[Black "Sanchez, Joseph"]
[Result "0-1"]
[WhiteElo "2460"]
[BlackElo "2486"]
[PlyCount "90"]
[EventDate "2008.??.??"]

1. e4 c5 2. Nf3 Nc6 3. c3 d5 4. exd5 Qxd5 5. d4 Bg4 6. Be2 cxd4 7. cxd4 e6 8.
Nc3 Qa5 9. d5 exd5 10. Nd4 Bxe2 11. Qxe2+ Be7 12. Nxc6 bxc6 13. O-O Kf8 14. Bd2
Nf6 15. Rfe1 Qd8 16. Rac1 h6 17. Na4 Rc8 18. Qa6 Ne4 19. Ba5 Qd7 20. f3 Ng5 21.
Rxe7 Kxe7 22. Re1+ Kf6 23. Bc3+ d4 24. Qd3 Rcd8 25. Ba5 Rde8 26. Rd1 Qd5 27.
Qxd4+ Qxd4+ 28. Rxd4 Ne6 29. Rd7 Kg6 30. Kf2 Rb8 31. b3 Rb5 32. Rxa7 Re8 33.
Nc3 Re5 34. Ra6 f6 35. b4 Nf4 36. h4 Nd3+ 37. Kg3 R8e6 38. a3 Re1 39. Bb6 Rc1
40. Ne4 f5 41. Nf2 f4+ 42. Kh3 Nxf2+ 43. Bxf2 Re2 44. Bc5 h5 45. Kh2 Ree1 0-1

[Event "20ème Open d'été de cannes - A"]
[Site "Cannes"]
[Date "2008.07.30"]
[Round "4.3"]
[White "Mullon, Jean-Baptiste"]
[Black "Apicella, Manuel"]
[Result "1/2-1/2"]
[WhiteElo "2336"]
[BlackElo "2521"]
[PlyCount "90"]
[EventDate "2008.??.??"]

1. e4 e6 2. d4 d5 3. Nd2 Nf6 4. e5 Nfd7 5. Bd3 c5 6. c3 Nc6 7. Ne2 cxd4 8. cxd4
f6 9. exf6 Nxf6 10. Nf3 Bd6 11. O-O O-O 12. Bf4 Bxf4 13. Nxf4 Ne4 14. Ne2 Ng5
15. Nxg5 Qxg5 16. Rc1 a6 17. Qc2 Qh4 18. Qc5 Bd7 19. Rc3 Rf7 20. Bc2 g6 21. Ba4
Raf8 22. f3 Nb8 23. Bxd7 Rxd7 24. Re3 Qf6 25. Qc3 Nc6 26. f4 Rc8 27. Qd2 Rdc7
28. Rc3 Ne7 29. Rfc1 Rxc3 30. Rxc3 Rxc3 31. Qxc3 Nc6 32. Qd3 Qd8 33. Kf2 Qh4+
34. Qg3 Qxg3+ 35. Kxg3 Nb4 36. Nc3 Nc2 37. Na4 Nxd4 38. Nc5 b6 39. Nxa6 Kf7 40.
Kf2 Nc6 41. Ke3 Ke7 42. Nc7 Na7 43. Na6 Nc6 44. Nc7 Na7 45. Na6 Nc6 1/2-1/2

[Event "20ème Open d'été de cannes - A"]
[Site "Cannes"]
[Date "2008.07.30"]
[Round "4.4"]
[White "Guilleux, Fabien"]
[Black "Bujisho, Benjamin"]
[Result "1/2-1/2"]
[WhiteElo "2397"]
[BlackElo "2402"]
[PlyCount "52"]
[EventDate "2008.??.??"]

1. Nf3 Nf6 2. c4 g6 3. Nc3 Bg7 4. e4 d6 5. d4 O-O 6. Be2 e5 7. Be3 exd4 8. Nxd4
Re8 9. f3 c6 10. Bf2 d5 11. exd5 cxd5 12. O-O a6 13. c5 Be6 14. Qd2 Qc8 15. Na4
Nfd7 16. Rac1 Nc6 17. Nb6 Nxb6 18. cxb6 Bd7 19. Rfe1 Qb8 20. Nxc6 Bxc6 21. Bd4
Be5 22. Bxe5 Rxe5 23. Bf1 Qd6 24. Rxe5 Qxe5 25. Re1 Qf6 26. Rd1 Re8 1/2-1/2

[Event "20ème Open d'été de cannes - A"]
[Site "Cannes"]
[Date "2008.07.30"]
[Round "4.5"]
[White "Suarez Real, Alberto"]
[Black "Fargere, Francois"]
[Result "1-0"]
[WhiteElo "2401"]
[BlackElo "2390"]
[PlyCount "53"]
[EventDate "2008.??.??"]

1. e4 c5 2. Nf3 d6 3. d4 Nf6 4. Nc3 cxd4 5. Nxd4 a6 6. Bg5 e6 7. f4 Qb6 8. Qd2
Qxb2 9. Nb3 Qa3 10. Bxf6 gxf6 11. Be2 h5 12. O-O Nd7 13. Kh1 h4 14. h3 Be7 15.
Bf3 Nc5 16. Rab1 Rb8 17. Nxc5 dxc5 18. f5 Qa5 19. e5 Qc7 20. exf6 Bxf6 21. fxe6
fxe6 22. Bh5+ Rxh5 23. Rxf6 Bd7 24. Rbf1 Rh8 25. Ne4 Qe5 26. Qh6 Kd8 27. Qxh8+
1-0

[Event "20ème Open d'été de cannes - A"]
[Site "Cannes"]
[Date "2008.07.30"]
[Round "4.6"]
[White "Sulava, Nenad"]
[Black "Oliveira, Sancho"]
[Result "1-0"]
[WhiteElo "2492"]
[BlackElo "2222"]
[PlyCount "73"]
[EventDate "2008.??.??"]

1. c4 c6 2. e4 c5 3. Nf3 Nc6 4. d4 cxd4 5. Nxd4 g6 6. Nc3 Bg7 7. Be3 d6 8. Be2
Nf6 9. O-O O-O 10. Qd2 Ng4 11. Bxg4 Bxg4 12. Nxc6 bxc6 13. Bh6 Be6 14. b3 Bxh6
15. Qxh6 Qa5 16. Rac1 f6 17. f4 Qc5+ 18. Kh1 Qe3 19. Rfe1 Qd2 20. Red1 Qe3 21.
Re1 Qd2 22. Ne2 Bg4 23. Ng1 Rad8 24. Qh4 Bc8 25. Qg3 e5 26. f5 g5 27. Rcd1 Qf4
28. Qc3 d5 29. Qa5 d4 30. Qxa7 Bxf5 31. exf5 Ra8 32. Qd7 Rxa2 33. Qxc6 Qxf5 34.
Qd5+ Kg7 35. Rxd4 Qc2 36. Qb7+ Kh6 37. Rd7 1-0

[Event "20ème Open d'été de cannes - A"]
[Site "Cannes"]
[Date "2008.07.31"]
[Round "5.1"]
[White "Sanchez, Joseph"]
[Black "Suarez Real, Alberto"]
[Result "1-0"]
[WhiteElo "2486"]
[BlackElo "2401"]
[PlyCount "85"]
[EventDate "2008.??.??"]

1. e4 c5 2. Nf3 Nc6 3. d4 cxd4 4. Nxd4 Nf6 5. Nc3 e5 6. Ndb5 d6 7. Bg5 a6 8.
Na3 b5 9. Nd5 Be7 10. Bxf6 Bxf6 11. c4 b4 12. Nc2 a5 13. Qf3 Bg5 14. h4 Bh6 15.
g4 Bf4 16. Be2 O-O 17. Nxf4 exf4 18. Qxf4 Ne5 19. h5 Bxg4 20. Ne3 f5 21. exf5
Bxf5 22. Nxf5 Qf6 23. Rd1 Qxf5 24. Qxf5 Rxf5 25. Rxd6 Re8 26. Kf1 Ref8 27. Rh2
Nf7 28. Rd7 Ng5 29. Rg2 R8f7 30. Rd8+ Rf8 31. Rd5 Rxd5 32. cxd5 Ne4 33. Bd3 Nc5
34. Bc4 Rf4 35. b3 Kf8 36. Ke2 a4 37. Rg5 axb3 38. axb3 Rxf2+ 39. Ke3 Rf6 40.
Kd4 Nd7 41. Bb5 Nb6 42. Re5 Rf3 43. d6 1-0

[Event "20ème Open d'été de cannes - A"]
[Site "Cannes"]
[Date "2008.07.31"]
[Round "5.2"]
[White "Ortega, Lexy"]
[Black "Karpatchev, Aleksandr"]
[Result "1/2-1/2"]
[WhiteElo "2456"]
[BlackElo "2460"]
[PlyCount "131"]
[EventDate "2008.??.??"]

1. Nf3 Nc6 2. d4 d5 3. e3 Bg4 4. Bb5 e6 5. Bxc6+ bxc6 6. c4 Bb4+ 7. Bd2 Bxf3 8.
Qxf3 Qb8 9. O-O Nf6 10. Qe2 O-O 11. Bxb4 Qxb4 12. Rc1 Rab8 13. cxd5 cxd5 14.
Rxc7 Qxb2 15. Qxb2 Rxb2 16. Nc3 h5 17. f3 Rfb8 18. Re1 a5 19. Rc5 Rd2 20. Re2
Rxe2 21. Nxe2 Rb2 22. Nc3 Nd7 23. Rxa5 Rc2 24. Na4 g5 25. Ra8+ Kg7 26. Ra7 Rxa2
27. Rxd7 Rxa4 28. h3 Kf6 29. Kf2 Ra2+ 30. Kf1 Rd2 31. Ra7 h4 32. Rb7 Kg6 33.
Re7 Rb2 34. Ra7 f5 35. Ra8 Rd2 36. Ra6 Kf6 37. Ra4 f4 38. e4 dxe4 39. fxe4 Rd3
40. Kf2 Rg3 41. d5 exd5 42. exd5 Ke5 43. Ra5 Kd6 44. Rb5 Rd3 45. Rb6+ Ke5 46.
Rg6 Kf5 47. Rd6 Ke4 48. Re6+ Kxd5 49. Re8 Ra3 50. Rg8 Rg3 51. Re8 Kd6 52. Rg8
Ke6 53. Rg6+ Kf7 54. Ra6 Re3 55. Rb6 Re6 56. Rb5 Kf6 57. Kf3 Re3+ 58. Kf2 Re5
59. Rb8 Kf5 60. Rf8+ Ke4 61. Rg8 Kf5 62. Rf8+ Kg6 63. Rg8+ Kf7 64. Ra8 Re3 65.
Ra6 Kg7 66. Rb6 1/2-1/2

[Event "20ème Open d'été de cannes - A"]
[Site "Cannes"]
[Date "2008.07.31"]
[Round "5.3"]
[White "Apicella, Manuel"]
[Black "Shoker, Samy"]
[Result "1-0"]
[WhiteElo "2521"]
[BlackElo "2365"]
[PlyCount "99"]
[EventDate "2008.??.??"]

1. e4 g6 2. d4 Bg7 3. Nc3 d6 4. Be3 a6 5. Qd2 Nd7 6. Nf3 b5 7. a4 b4 8. Ne2 Bb7
9. Ng3 c5 10. Bd3 cxd4 11. Bxd4 Bxd4 12. Nxd4 Qb6 13. Nf3 a5 14. O-O Ngf6 15.
Qh6 O-O-O 16. c3 Nc5 17. Bc4 Nfxe4 18. Bxf7 Ba6 19. cxb4 Qxb4 20. Nxe4 Nxe4 21.
Rfe1 Rdf8 22. Qg7 Kb8 23. Re3 Bb7 24. Rae1 d5 25. Nd4 Ka8 26. Ne6 Rc8 27. Nc7+
Rxc7 28. Qxh8+ Rc8 29. Qxc8+ Bxc8 30. Bxd5+ Bb7 31. Rxe4 Qxb2 32. Bxb7+ Kxb7
33. Rxe7+ Kc6 34. g3 Qb4 35. R7e4 Qb3 36. h4 Kd6 37. Rd4+ Kc5 38. Rf4 Kd6 39.
Re8 h6 40. Ra8 g5 41. Rf6+ Ke5 42. Rxh6 Kf5 43. Rxa5+ Kg4 44. hxg5 Qd1+ 45. Kh2
Qc2 46. Rf6 Qh7+ 47. Kg2 Qc2 48. Rf4+ Kh5 49. Rh4+ Kg6 50. Rh6+ 1-0

[Event "20ème Open d'été de cannes - A"]
[Site "Cannes"]
[Date "2008.07.31"]
[Round "5.4"]
[White "Leconte, Maria"]
[Black "Sulava, Nenad"]
[Result "1/2-1/2"]
[WhiteElo "2346"]
[BlackElo "2492"]
[PlyCount "82"]
[EventDate "2008.??.??"]

1. e4 c5 2. Nf3 e6 3. d4 cxd4 4. Nxd4 a6 5. Nc3 b5 6. Be2 Bb7 7. Bf3 b4 8. Na4
Qa5 9. b3 Nf6 10. O-O Nc6 11. Nxc6 Bxc6 12. Nb2 Nxe4 13. Nc4 Qc7 14. Qd4 Bc5
15. Qxg7 O-O-O 16. Be3 Rhg8 17. Qe5 d6 18. Qf4 Ng5 19. Kh1 Nxf3 20. gxf3 e5 21.
Qf5+ Qd7 22. Qh5 Qe6 23. Nd2 Rg6 24. Rg1 Kb8 25. Rg3 f5 26. Rxg6 hxg6 27. Qg5
Rd7 28. Re1 Qd5 29. Re2 Bb5 30. Re1 Kb7 31. Kg2 Bxe3 32. Qxe3 Rc7 33. a4 Rxc2
34. axb5 Qxd2 35. bxa6+ Kxa6 36. Ra1+ Kb5 37. Qa7 Qg5+ 38. Kh3 Qh5+ 39. Kg2
Qg5+ 40. Kh3 Qh5+ 41. Kg2 Qg5+ 1/2-1/2

[Event "20ème Open d'été de cannes - A"]
[Site "Cannes"]
[Date "2008.07.31"]
[Round "5.5"]
[White "Riff, Vincent"]
[Black "Mrdja, Milan"]
[Result "1/2-1/2"]
[WhiteElo "2290"]
[BlackElo "2409"]
[PlyCount "60"]
[EventDate "2008.??.??"]

1. e4 c5 2. Nf3 e6 3. d4 cxd4 4. Nxd4 a6 5. Nc3 Nc6 6. Nxc6 bxc6 7. Bd3 e5 8.
O-O Nf6 9. f4 Bc5+ 10. Kh1 d6 11. f5 h5 12. Bg5 Qc7 13. Qf3 Rb8 14. Qg3 Kf8 15.
Qh4 Ng8 16. Na4 f6 17. Nxc5 fxg5 18. Ne6+ Bxe6 19. fxe6+ Nf6 20. Qxg5 Qe7 21.
Rxf6+ gxf6 22. Rf1 Ke8 23. Rxf6 Rf8 24. Qxh5+ Kd8 25. Rxf8+ Qxf8 26. Qh7 Qe7
27. Qg8+ Kc7 28. Qf7 Kd8 29. Qg8+ Qe8 30. Qg5+ Qe7 1/2-1/2

[Event "20ème Open d'été de cannes - A"]
[Site "Cannes"]
[Date "2008.08.01"]
[Round "6.1"]
[White "Apicella, Manuel"]
[Black "Sanchez, Joseph"]
[Result "1-0"]
[WhiteElo "2521"]
[BlackElo "2486"]
[PlyCount "169"]
[EventDate "2008.??.??"]

1. e4 c5 2. Nf3 Nc6 3. d4 cxd4 4. Nxd4 Nf6 5. Nc3 e5 6. Ndb5 d6 7. Nd5 Nxd5 8.
exd5 Ne7 9. c3 Nf5 10. a4 g6 11. Be2 Bg7 12. O-O O-O 13. Qb3 Re8 14. Na3 Rb8
15. Bb5 Bd7 16. Nc4 Bf8 17. Kh1 Rc8 18. Bd2 Qc7 19. Ne3 Ng7 20. a5 f5 21. f3
Bxb5 22. Qxb5 Qf7 23. c4 h5 24. Nd1 h4 25. Nf2 Nh5 26. Nh3 f4 27. Qb3 Qf5 28.
Rae1 Rc7 29. Qa2 e4 30. fxe4 Rxe4 31. Rxe4 Qxe4 32. b3 Qd3 33. Rf3 Qe4 34. Bc3
Re7 35. Qf2 Qb1+ 36. Qf1 Qxf1+ 37. Rxf1 Re3 38. Rf3 Re2 39. Kg1 Rc2 40. Bd4 a6
41. Nxf4 Rc1+ 42. Kf2 Nxf4 43. Rxf4 Rc2+ 44. Kf3 h3 45. gxh3 Rxh2 46. Kg3 Ra2
47. Rf6 Rxa5 48. Rxg6+ Kf7 49. Rf6+ Kg8 50. Bb6 Ra3 51. Rf3 Ra2 52. Bc7 Rc2 53.
Bb6 Ra2 54. Kg4 Be7 55. Rd3 Kf7 56. c5 Rc2 57. cxd6 Bxd6 58. h4 Rg2+ 59. Kf5
Rh2 60. Bd8 Rf2+ 61. Kg4 Rb2 62. Kg5 Rf2 63. Kh6 b5 64. Kg5 Rg2+ 65. Kf5 Rf2+
66. Ke4 Rf4+ 67. Ke3 a5 68. Rd4 Rf5 69. Bxa5 Bc5 70. Ke4 Rh5 71. Bd8 Rh8 72.
Bg5 Bxd4 73. Kxd4 Rc8 74. Ke5 Rc2 75. d6 Ke8 76. h5 Kd7 77. h6 Rh2 78. Kf5 Rf2+
79. Bf4 Rf1 80. h7 Rh1 81. Kg6 Ke6 82. Bh6 Rg1+ 83. Bg5 Rh1 84. b4 Rh3 85. d7
1-0